02248nas a2200325 i 4500003000800000005001700008007000300025008004100028022001400069035001600083040003200099041000800131110002200139245007600161264011300237270010800350300007800458310001600536336002700552337003500579338003000614362005500644500008400699520078800783650008001571650007801651650007701729650007001806710004601876DO-SdBB20260313103336.0ta260313e2009||||dr qn|p|r|||||| |0spa d a1017-0596 a(DO-SdBB)ES aDO-SdBBbspacDO-SdBNPerda aspa aCentro Montalvo.  0aRevista estudios sociales :binvestigación social que hace historia.  aSanto Domingo, República Dominicana :bCentro Montalvo. bInstituto Superior Pedro Francisco Bono, c2009. aCalle Josefa Brea, No. 65, Mejoramiento SocialbSanto Domingo. dRepública Dominicana. eApdo. 1004,  avolumen : bilustraciones, fotografías, gráficas, tablas ; c25.5 cm. aTrimestral. atextobtxt2rdacontent asin mediación bn 2rdamedia avolumen bnc 2rdacarrier aAño 41. Vol. 40. Número 147, abril-junio 2009. aCatalogación basada en el: Año 41. Vol. 40. Número 147, abril-junio 2009. aLa Revista de Estudios Sociales, conocida como "Investigación Social Que Hace Historia", es una publicación periódica que presenta resultados de investigación en ciencias sociales y reflexiones o revisiones teóricas que aportan a debates relevantes en este campo. Publica también reseñas y ensayos bibliográficos con orientación crítica sobre temas propios de disciplinas como antropología, historia, sociología, ciencia política, filosofía, psicología, estudios culturales. La revista es una publicación trimestral que circula al inicio de cada período y tiene como objetivo contribuir a la difusión de las investigaciones, los análisis y las opiniones que sobre los problemas sociales elabora la comunidad académica nacional e internacional.17aInvestigación socialvPublicaciones periódicas zRepública Dominicana10aCiencias políticas2Publicaciones periódicas zRepública Dominicana10aEstudios culturales2Publicaciones periódicas zRepública Dominicana10aFilosofía 2Publicaciones periódicas zRepública Dominicana1 aInstituto Superior Pedro Francisco Bonó